000
00298nam a22001337a 4500
003
SGT
082
_a
GUP 515
100
_a
GUPTA,A.S
245
_a
CALCULUS OF VARIATIONS WITH APPLICATIONS
260
_a
NEW DELHI
_b
PHI
_c
2015
300
_a
242
650
_a
CALCULUS, MATHEMATICS
942
_2
ddc
_c
FPS
999
_c
10202
_d
10202